Plan estratégico del sistema de información del mercado laboral (SIMEL) de El Salvador (Registro nro. 35175)

Detalles MARC
000 -CABECERA
Longitud fija campo de control 00571nas a22001697a 4500
003 - IDENTIFICADOR DELl NÚMERO DE CONTROL
Identificador del número de control OSt
005 - FECHA Y HORA DE LA ÚLTIMA TRANSACCIÓN
Fecha y hora de la última transacción 20250129222927.0
008 - CÓDIGOS DE INFORMACIÓN DE LONGITUD FIJA
Códigos de información de longitud fija 240604b ||||| |||| 00| 0 eng d
040 ## - FUENTE DE LA CATALOGACIÓN
Centro catalogador de origen BMC
Centro transcriptor BMC
082 ## - NÚMERO DE LA CLASIFICACIÓN DECIMAL DEWEY
Númeroo de clasificación 331.12
245 00 - MENCIÓN DE TÍTULO
Título Plan estratégico del sistema de información del mercado laboral (SIMEL) de El Salvador
260 ## - PUBLICACIÓN, DISTRIBUCIÓN, ETC. (PIE DE IMPRENTA)
Lugar de publicación, distribución, etc. San Salvador, El Salvador
Nombre del editor, distribuidor, etc. Ministerio de Trabajo y Previsión Social
Fecha de publicación, distribución, etc. 2021?
300 ## - DESCRIPCIÓN FÍSICA
Extensión 28 p.
Dimensiones 28 cm
650 24 - PUNTO DE ACCESO ADICIONAL DE MATERIA - TÉRMINO DE MATERIA
9 (RLIN) 5793
Término de materia o nombre geográfico como elemento inicial Mercado de trabajo
710 ## - PUNTO DE ACCESO ADICIONAL - NOMBRE DE ENTIDAD
9 (RLIN) 40384
Nombre de entidad o nombre de jurisdicción como elemento inicial El Salvador
Unidad subordinada Ministerio de Trabajo y Previsión Social
942 ## - ENTRADA DE ELEMENTOS AGREGADOS (KOHA)
Fuente de clasificaión o esquema Dewey Decimal Classification
Koha [por defecto] tipo de item 2- Prensa y Revistas
Existencias
Suprimido Perdido Fuente de clasificación o esquema Estropeado Restricciones de uso No para préstamo Código de colección Localización permanente Localización actual Localización en estanter&íacute;as Fecha adquisición Fuente de adquisición Número de inventario Préstamos totales Signatura completa Código de barras Fecha última consulta Fecha del precio de reemplazo Tipo de item de Koha
NULL NULL Dewey Decimal Classification NULL Prestable NULL NULL Biblioteca Miguel de Cervantes - UNICAES Biblioteca Miguel de Cervantes - UNICAES Sala Principal 03/06/2024 Donación - Vicerrectoria 001110   RVAR- 001110 1052802 16/01/2025 16/01/2025 2- Prensa y Revistas